000 00497nam a2200181Ia 4500
005 20250508155040.0
008 008 250505s9999 xx 000 0 eng d
037 _aBooks to be hide in OPAC
040 _aFEDL
_beng
_cFEDL
041 _aeng
_2eng
084 _qFEDL
245 0 _aModeration procedures at secondary school examinations
245 0 _cNational Council of Educational Research and Training
260 _c1962
300 _a11p.
942 _cHB
999 _c1353669
_d1353669